| 000 | 00539nam a2200205Ia 4500 | ||
|---|---|---|---|
| 005 | 20221031125913.0 | ||
| 008 | 131103s9999 xx 000 0 und d | ||
| 040 | _aLoreto College | ||
| 041 | _aEnglish | ||
| 082 |
_a113 _bEIN |
||
| 100 | _aEinstein, Albert | ||
| 245 |
_aIdeas and opinions _cAlbert Einstein; translated and revised by Sonja Bargmann |
||
| 260 |
_aCalcutta _bRupa & Co. _c1984 |
||
| 300 | _a377p | ||
| 650 | _aPhilosophy | ||
| 651 | _aCosmology | ||
| 700 | _aBargmann, Sonja,tr. | ||
| 850 | _aLCLIB | ||
| 942 | _cBK | ||
| 999 |
_c18337 _d68816 |
||